000
00265nam a2200109Ia 4500
008
190919s9999||||xx |||||||||||||| ||und||
100
_a
Reed, Cotter , Gill
245
0
_a
Commercial Banking
260
_a
New Jersey
_b
Prentice
_c
2000
300
_a
597
942
_c
BK
999
_c
10576
_d
10576